1520 1406 1224 1529 1393 1699 1170 1328 1710 1970 1397 1902 1453 1118 1378 1272 1191 1795 1156 1253 1595 1271 1060 1946 1796 1614 1552 1144 1044 1167 1419 1320 1119 1025 1439 1825 1229 1799 1694 1061 1661 1683 1189 1218 1088 1656 1826 1117 1090 1220 1421 1563 1140 1941 1106 1324 1676 1980 1833 1099 1583 1429 1731 1354 1689 1351 1620 1760 1275 1595 1702 1148 1926 1243 1325 1680 1098 1317 1655 1652 1246 1454 1917 1627 1914 1574 1140 1994 1850 1824 1580 1083 1612 1509 1073 1610 1163 1185 1277 BCNSPRNW ULIB Ver.6.0+V

เปลี่ยนเป็นภาษาไทย

Change to English
 แสดงรายละเอียดบรรณานุกรม
  กลับหน้าหลัก

Brief Record : Get Marc (ISO 2709) : E-mail record : QR code < ปิดหน้าต่าง
LEADER : 00000nam 2200000uu 4500
001    13399113581
003     ULIB
008    110627s2553||||th 000 0 tha d
020    9786160601547
090    นว.^bไม่พบรหัส 2553
100 0  Tiara
245 00 ความรู้สึกดีที่เรียกว่ารัก : กับดักรัก/^cTiara
250    พิมพ์ครั้งที่ 1
260    กรุงเทพฯ :^bแจ่มใส,^c2553
300    300 หน้า
710 1  แจ่มใส
945    ^p189^l0^i028060
995    ทศพร
999 ^a ใช้งานได้ทุกระบบ
รายการนี้ยังไม่มีแท็ก
คุณยังไม่ได้ล็อกอิน คุณสามารถมีกิจกรรมร่วมกับเว็บไซต์ได้ แต่ต้องล็อกอินก่อน ::
  ล็อกอิน

รายการสื่อสารสนเทศ

ลำดับที่ ประเภท เลขเรียก/บาร์โค้ด สถานที่ สถานะ
1. นวนิยาย
นวนิยาย
นว. ไม่พบรหัส 2553 ฉ.1 
  Barcode: 028060
ห้องสมุดวิทยาเขตสวรรค์ประชารักษ์
►นวนิยาย
บนชั้น
  ขอยืม

รายการใกล้เคียง
    ผู้แต่ง [Tiara]

BibComment


ยังไม่เคยถูกคอมเมนท์

คอมเมนท์ทรัพยากรรายการนี้
  คอมเมนท์: ความรู้สึกดีที่เร..


 Copyright 2026. Bcnsprnw @Library